2014 College Football AP Poll - Statistics

General Stats
  • This quiz has been taken 44 times
  • The average score is 359 of 425
Answer Stats
Week Rank Team W L Conference % Correct
Preseason 2 Alabama 0 0 SEC
100%
Week 1 (9/2) 2 Alabama 1 0 SEC
100%
Week 2 (9/7) 3 Alabama 2 0 SEC
100%
Week 3 (9/14) 3 Alabama 3 0 SEC
100%
Week 4 (9/21) 3 Alabama 4 0 SEC
100%
Week 5 (9/28) 3 Alabama 4 0 SEC
100%
Week 6 (10/5) 7 Alabama 4 1 SEC
100%
Week 7 (10/12) 7 Alabama 5 1 SEC
100%
Week 8 (10/19) 4 Alabama 6 1 SEC
100%
Week 9 (10/26) 3 Alabama 7 1 SEC
100%
Week 10 (11/2) 4 Alabama 7 1 SEC
100%
Week 11 (11/9) 4 Alabama 8 1 SEC
100%
Week 12 (11/16) 2 Alabama 9 1 SEC
100%
Week 13 (11/23) 2 Alabama 10 1 SEC
100%
Week 14 (11/30) 1 Alabama 11 1 SEC
100%
Week 15 (12/7) 1 Alabama 12 1 SEC
100%
Postseason 4 Alabama 12 2 SEC
100%
Preseason 5 Ohio State 0 0 Big Ten
100%
Week 1 (9/2) 8 Ohio State 1 0 Big Ten
100%
Week 2 (9/7) 22 Ohio State 1 1 Big Ten
100%
Week 3 (9/14) 23 Ohio State 2 1 Big Ten
100%
Week 4 (9/21) 22 Ohio State 2 1 Big Ten
100%
Week 5 (9/28) 20 Ohio State 3 1 Big Ten
100%
Week 6 (10/5) 15 Ohio State 4 1 Big Ten
100%
Week 7 (10/12) 13 Ohio State 4 1 Big Ten
100%
Week 8 (10/19) 13 Ohio State 5 1 Big Ten
100%
Week 9 (10/26) 13 Ohio State 6 1 Big Ten
100%
Week 10 (11/2) 13 Ohio State 7 1 Big Ten
100%
Week 11 (11/9) 8 Ohio State 8 1 Big Ten
100%
Week 12 (11/16) 7 Ohio State 9 1 Big Ten
100%
Week 13 (11/23) 7 Ohio State 10 1 Big Ten
100%
Week 14 (11/30) 6 Ohio State 11 1 Big Ten
100%
Week 15 (12/7) 5 Ohio State 12 1 Big Ten
100%
Postseason 1 Ohio State 14 1 Big Ten
100%
Preseason 4 Oklahoma 0 0 Big 12
100%
Week 1 (9/2) 4 Oklahoma 1 0 Big 12
100%
Week 2 (9/7) 4 Oklahoma 2 0 Big 12
100%
Week 3 (9/14) 4 Oklahoma 3 0 Big 12
100%
Week 4 (9/21) 4 Oklahoma 4 0 Big 12
100%
Week 5 (9/28) 4 Oklahoma 4 0 Big 12
100%
Week 6 (10/5) 11 Oklahoma 4 1 Big 12
100%
Week 7 (10/12) 11 Oklahoma 5 1 Big 12
100%
Week 8 (10/19) 17 Oklahoma 5 2 Big 12
100%
Week 9 (10/26) 19 Oklahoma 5 2 Big 12
100%
Week 10 (11/2) 16 Oklahoma 6 2 Big 12
100%
Week 12 (11/16) 23 Oklahoma 7 3 Big 12
100%
Week 13 (11/23) 20 Oklahoma 8 3 Big 12
100%
Week 14 (11/30) 18 Oklahoma 8 3 Big 12
100%
Preseason 6 Auburn 0 0 SEC
96%
Week 1 (9/2) 5 Auburn 1 0 SEC
96%
Week 2 (9/7) 5 Auburn 2 0 SEC
96%
Week 3 (9/14) 5 Auburn 2 0 SEC
96%
Week 4 (9/21) 5 Auburn 3 0 SEC
96%
Week 5 (9/28) 5 Auburn 4 0 SEC
96%
Week 6 (10/5) 2 Auburn 5 0 SEC
96%
Week 7 (10/12) 6 Auburn 5 1 SEC
96%
Week 8 (10/19) 5 Auburn 5 1 SEC
96%
Week 9 (10/26) 4 Auburn 6 1 SEC
96%
Week 10 (11/2) 3 Auburn 7 1 SEC
96%
Week 11 (11/9) 9 Auburn 7 2 SEC
96%
Week 12 (11/16) 16 Auburn 7 3 SEC
96%
Week 13 (11/23) 15 Auburn 8 3 SEC
96%
Week 14 (11/30) 20 Auburn 8 4 SEC
96%
Week 15 (12/7) 19 Auburn 8 4 SEC
96%
Postseason 22 Auburn 8 5 SEC
96%
Preseason 16 Clemson 0 0 ACC
96%
Week 1 (9/2) 23 Clemson 0 1 ACC
96%
Week 2 (9/7) 23 Clemson 1 1 ACC
96%
Week 3 (9/14) 22 Clemson 1 1 ACC
96%
Week 7 (10/12) 24 Clemson 4 2 ACC
96%
Week 8 (10/19) 21 Clemson 5 2 ACC
96%
Week 9 (10/26) 22 Clemson 6 2 ACC
96%
Week 10 (11/2) 19 Clemson 6 2 ACC
96%
Week 11 (11/9) 18 Clemson 7 2 ACC
96%
Week 13 (11/23) 23 Clemson 8 3 ACC
96%
Week 14 (11/30) 19 Clemson 9 3 ACC
96%
Week 15 (12/7) 18 Clemson 9 3 ACC
96%
Postseason 15 Clemson 10 3 ACC
96%
Preseason 1 Florida State 0 0 ACC
96%
Week 1 (9/2) 1 Florida State 1 0 ACC
96%
Week 2 (9/7) 1 Florida State 2 0 ACC
96%
Week 3 (9/14) 1 Florida State 2 0 ACC
96%
Week 4 (9/21) 1 Florida State 3 0 ACC
96%
Week 5 (9/28) 1 Florida State 4 0 ACC
96%
Week 6 (10/5) 1 Florida State 5 0 ACC
96%
Week 7 (10/12) 2 Florida State 6 0 ACC
96%
Week 8 (10/19) 2 Florida State 7 0 ACC
96%
Week 9 (10/26) 2 Florida State 7 0 ACC
96%
Week 10 (11/2) 2 Florida State 8 0 ACC
96%
Week 11 (11/9) 2 Florida State 9 0 ACC
96%
Week 12 (11/16) 1 Florida State 10 0 ACC
96%
Week 13 (11/23) 1 Florida State 11 0 ACC
96%
Week 14 (11/30) 2 Florida State 12 0 ACC
96%
Week 15 (12/7) 2 Florida State 13 0 ACC
96%
Postseason 5 Florida State 13 1 ACC
96%
Preseason 8 Michigan State 0 0 Big Ten
96%
Week 1 (9/2) 7 Michigan State 1 0 Big Ten
96%
Week 2 (9/7) 13 Michigan State 1 1 Big Ten
96%
Week 3 (9/14) 11 Michigan State 1 1 Big Ten
96%
Week 4 (9/21) 9 Michigan State 2 1 Big Ten
96%
Week 5 (9/28) 10 Michigan State 3 1 Big Ten
96%
Week 6 (10/5) 8 Michigan State 4 1 Big Ten
96%
Week 7 (10/12) 8 Michigan State 5 1 Big Ten
96%
Week 8 (10/19) 8 Michigan State 6 1 Big Ten
96%
Week 9 (10/26) 8 Michigan State 7 1 Big Ten
96%
Week 10 (11/2) 7 Michigan State 7 1 Big Ten
96%
Week 11 (11/9) 12 Michigan State 7 2 Big Ten
96%
Week 12 (11/16) 10 Michigan State 8 2 Big Ten
96%
Week 13 (11/23) 10 Michigan State 9 2 Big Ten
96%
Week 14 (11/30) 7 Michigan State 10 2 Big Ten
96%
Week 15 (12/7) 7 Michigan State 10 2 Big Ten
96%
Postseason 5 Michigan State 11 2 Big Ten
96%
Preseason 3 Oregon 0 0 Pac-12
96%
Week 1 (9/2) 3 Oregon 1 0 Pac-12
96%
Week 2 (9/7) 2 Oregon 2 0 Pac-12
96%
Week 3 (9/14) 2 Oregon 3 0 Pac-12
96%
Week 4 (9/21) 2 Oregon 4 0 Pac-12
96%
Week 5 (9/28) 2 Oregon 4 0 Pac-12
96%
Week 6 (10/5) 12 Oregon 4 1 Pac-12
96%
Week 7 (10/12) 9 Oregon 5 1 Pac-12
96%
Week 8 (10/19) 6 Oregon 6 1 Pac-12
96%
Week 9 (10/26) 5 Oregon 7 1 Pac-12
96%
Week 10 (11/2) 5 Oregon 8 1 Pac-12
96%
Week 11 (11/9) 3 Oregon 9 1 Pac-12
96%
Week 12 (11/16) 3 Oregon 9 1 Pac-12
96%
Week 13 (11/23) 3 Oregon 10 1 Pac-12
96%
Week 14 (11/30) 3 Oregon 11 1 Pac-12
96%
Week 15 (12/7) 3 Oregon 12 1 Pac-12
96%
Postseason 2 Oregon 13 2 Pac-12
96%
Preseason 15 USC 0 0 Pac-12
96%
Week 1 (9/2) 14 USC 1 0 Pac-12
96%
Week 2 (9/7) 9 USC 2 0 Pac-12
96%
Week 3 (9/14) 17 USC 2 1 Pac-12
96%
Week 4 (9/21) 18 USC 2 1 Pac-12
96%
Week 5 (9/28) 16 USC 3 1 Pac-12
96%
Week 7 (10/12) 22 USC 4 2 Pac-12
96%
Week 8 (10/19) 20 USC 5 2 Pac-12
96%
Week 12 (11/16) 24 USC 7 3 Pac-12
96%
Week 15 (12/7) 24 USC 8 4 Pac-12
96%
Postseason 20 USC 9 4 Pac-12
96%
Preseason 12 Georgia 0 0 SEC
92%
Week 1 (9/2) 6 Georgia 1 0 SEC
92%
Week 2 (9/7) 6 Georgia 1 0 SEC
92%
Week 3 (9/14) 13 Georgia 1 1 SEC
92%
Week 4 (9/21) 12 Georgia 2 1 SEC
92%
Week 5 (9/28) 13 Georgia 3 1 SEC
92%
Week 6 (10/5) 13 Georgia 4 1 SEC
92%
Week 7 (10/12) 10 Georgia 5 1 SEC
92%
Week 8 (10/19) 9 Georgia 6 1 SEC
92%
Week 9 (10/26) 9 Georgia 6 1 SEC
92%
Week 10 (11/2) 17 Georgia 6 2 SEC
92%
Week 11 (11/9) 16 Georgia 7 2 SEC
92%
Week 12 (11/16) 9 Georgia 8 2 SEC
92%
Week 13 (11/23) 8 Georgia 9 2 SEC
92%
Week 14 (11/30) 15 Georgia 9 3 SEC
92%
Week 15 (12/7) 13 Georgia 9 3 SEC
92%
Postseason 9 Georgia 10 3 SEC
92%
Preseason 13 LSU 0 0 SEC
92%
Week 1 (9/2) 12 LSU 1 0 SEC
92%
Week 2 (9/7) 10 LSU 2 0 SEC
92%
Week 3 (9/14) 8 LSU 3 0 SEC
92%
Week 4 (9/21) 17 LSU 3 1 SEC
92%
Week 5 (9/28) 15 LSU 4 1 SEC
92%
Week 8 (10/19) 24 LSU 6 2 SEC
92%
Week 9 (10/26) 16 LSU 7 2 SEC
92%
Week 10 (11/2) 14 LSU 7 2 SEC
92%
Week 11 (11/9) 20 LSU 7 3 SEC
92%
Week 14 (11/30) 23 LSU 8 4 SEC
92%
Week 15 (12/7) 22 LSU 8 4 SEC
92%
Preseason 21 Texas A&M 0 0 SEC
92%
Week 1 (9/2) 9 Texas A&M 1 0 SEC
92%
Week 2 (9/7) 7 Texas A&M 2 0 SEC
92%
Week 3 (9/14) 6 Texas A&M 3 0 SEC
92%
Week 4 (9/21) 6 Texas A&M 4 0 SEC
92%
Week 5 (9/28) 6 Texas A&M 5 0 SEC
92%
Week 6 (10/5) 14 Texas A&M 5 1 SEC
92%
Week 7 (10/12) 21 Texas A&M 5 2 SEC
92%
Preseason 7 UCLA 0 0 Pac-12
92%
Week 1 (9/2) 11 UCLA 1 0 Pac-12
92%
Week 2 (9/7) 12 UCLA 2 0 Pac-12
92%
Week 3 (9/14) 12 UCLA 3 0 Pac-12
92%
Week 4 (9/21) 11 UCLA 3 0 Pac-12
92%
Week 5 (9/28) 8 UCLA 4 0 Pac-12
92%
Week 6 (10/5) 18 UCLA 4 1 Pac-12
92%
Week 8 (10/19) 25 UCLA 5 2 Pac-12
92%
Week 9 (10/26) 25 UCLA 6 2 Pac-12
92%
Week 10 (11/2) 18 UCLA 7 2 Pac-12
92%
Week 11 (11/9) 14 UCLA 8 2 Pac-12
92%
Week 12 (11/16) 11 UCLA 8 2 Pac-12
92%
Week 13 (11/23) 9 UCLA 9 2 Pac-12
92%
Week 14 (11/30) 16 UCLA 9 3 Pac-12
92%
Week 15 (12/7) 14 UCLA 9 3 Pac-12
92%
Postseason 10 UCLA 10 3 Pac-12
92%
Week 6 (10/5) 10 Arizona 5 0 Pac-12
88%
Week 7 (10/12) 16 Arizona 5 1 Pac-12
88%
Week 8 (10/19) 15 Arizona 5 1 Pac-12
88%
Week 9 (10/26) 14 Arizona 6 1 Pac-12
88%
Week 10 (11/2) 21 Arizona 6 2 Pac-12
88%
Week 11 (11/9) 17 Arizona 7 2 Pac-12
88%
Week 12 (11/16) 15 Arizona 8 2 Pac-12
88%
Week 13 (11/23) 12 Arizona 9 2 Pac-12
88%
Week 14 (11/30) 8 Arizona 10 2 Pac-12
88%
Week 15 (12/7) 12 Arizona 10 3 Pac-12
88%
Postseason 19 Arizona 10 4 Pac-12
88%
Preseason 20 Kansas State 0 0 Big 12
88%
Week 1 (9/2) 20 Kansas State 1 0 Big 12
88%
Week 2 (9/7) 19 Kansas State 2 0 Big 12
88%
Week 3 (9/14) 20 Kansas State 2 0 Big 12
88%
Week 4 (9/21) 25 Kansas State 2 1 Big 12
88%
Week 5 (9/28) 23 Kansas State 3 1 Big 12
88%
Week 6 (10/5) 17 Kansas State 4 1 Big 12
88%
Week 7 (10/12) 14 Kansas State 4 1 Big 12
88%
Week 8 (10/19) 11 Kansas State 5 1 Big 12
88%
Week 9 (10/26) 11 Kansas State 6 1 Big 12
88%
Week 10 (11/2) 9 Kansas State 7 1 Big 12
88%
Week 11 (11/9) 13 Kansas State 7 2 Big 12
88%
Week 12 (11/16) 12 Kansas State 7 2 Big 12
88%
Week 13 (11/23) 11 Kansas State 8 2 Big 12
88%
Week 14 (11/30) 9 Kansas State 9 2 Big 12
88%
Week 15 (12/7) 11 Kansas State 9 3 Big 12
88%
Postseason 18 Kansas State 9 4 Big 12
88%
Preseason 17 Notre Dame 0 0 Independent
88%
Week 1 (9/2) 16 Notre Dame 1 0 Independent
88%
Week 2 (9/7) 11 Notre Dame 2 0 Independent
88%
Week 3 (9/14) 9 Notre Dame 3 0 Independent
88%
Week 4 (9/21) 8 Notre Dame 3 0 Independent
88%
Week 5 (9/28) 9 Notre Dame 4 0 Independent
88%
Week 6 (10/5) 6 Notre Dame 5 0 Independent
88%
Week 7 (10/12) 5 Notre Dame 6 0 Independent
88%
Week 8 (10/19) 7 Notre Dame 6 1 Independent
88%
Week 9 (10/26) 6 Notre Dame 6 1 Independent
88%
Week 10 (11/2) 8 Notre Dame 7 1 Independent
88%
Week 11 (11/9) 15 Notre Dame 7 2 Independent
88%
Preseason 18 Ole Miss 0 0 SEC
88%
Week 1 (9/2) 15 Ole Miss 1 0 SEC
88%
Week 2 (9/7) 14 Ole Miss 2 0 SEC
88%
Week 3 (9/14) 10 Ole Miss 3 0 SEC
88%
Week 4 (9/21) 10 Ole Miss 3 0 SEC
88%
Week 5 (9/28) 11 Ole Miss 4 0 SEC
88%
Week 6 (10/5) 3 Ole Miss 5 0 SEC
88%
Week 7 (10/12) 3 Ole Miss 6 0 SEC
88%
Week 8 (10/19) 3 Ole Miss 7 0 SEC
88%
Week 9 (10/26) 7 Ole Miss 7 1 SEC
88%
Week 10 (11/2) 12 Ole Miss 7 2 SEC
88%
Week 11 (11/9) 10 Ole Miss 8 2 SEC
88%
Week 12 (11/16) 8 Ole Miss 8 2 SEC
88%
Week 13 (11/23) 18 Ole Miss 8 3 SEC
88%
Week 14 (11/30) 13 Ole Miss 9 3 SEC
88%
Week 15 (12/7) 9 Ole Miss 9 3 SEC
88%
Postseason 17 Ole Miss 9 4 SEC
88%
Preseason 14 Wisconsin 0 0 Big Ten
88%
Week 1 (9/2) 18 Wisconsin 0 1 Big Ten
88%
Week 2 (9/7) 18 Wisconsin 1 1 Big Ten
88%
Week 3 (9/14) 19 Wisconsin 1 1 Big Ten
88%
Week 4 (9/21) 19 Wisconsin 2 1 Big Ten
88%
Week 5 (9/28) 17 Wisconsin 3 1 Big Ten
88%
Week 10 (11/2) 25 Wisconsin 6 2 Big Ten
88%
Week 11 (11/9) 22 Wisconsin 7 2 Big Ten
88%
Week 12 (11/16) 14 Wisconsin 8 2 Big Ten
88%
Week 13 (11/23) 14 Wisconsin 9 2 Big Ten
88%
Week 14 (11/30) 11 Wisconsin 10 2 Big Ten
88%
Week 15 (12/7) 17 Wisconsin 10 3 Big Ten
88%
Postseason 13 Wisconsin 11 3 Big Ten
88%
Preseason 19 Arizona State 0 0 Pac-12
84%
Week 1 (9/2) 17 Arizona State 1 0 Pac-12
84%
Week 2 (9/7) 16 Arizona State 2 0 Pac-12
84%
Week 3 (9/14) 15 Arizona State 3 0 Pac-12
84%
Week 4 (9/21) 15 Arizona State 3 0 Pac-12
84%
Week 6 (10/5) 20 Arizona State 4 1 Pac-12
84%
Week 7 (10/12) 17 Arizona State 4 1 Pac-12
84%
Week 8 (10/19) 14 Arizona State 5 1 Pac-12
84%
Week 9 (10/26) 15 Arizona State 6 1 Pac-12
84%
Week 10 (11/2) 11 Arizona State 7 1 Pac-12
84%
Week 11 (11/9) 7 Arizona State 8 1 Pac-12
84%
Week 12 (11/16) 13 Arizona State 8 2 Pac-12
84%
Week 13 (11/23) 13 Arizona State 9 2 Pac-12
84%
Week 14 (11/30) 17 Arizona State 9 3 Pac-12
84%
Week 15 (12/7) 15 Arizona State 9 3 Pac-12
84%
Postseason 12 Arizona State 10 3 Pac-12
84%
Week 4 (9/21) 14 Mississippi State 4 0 SEC
84%
Week 5 (9/28) 12 Mississippi State 4 0 SEC
84%
Week 6 (10/5) 3 Mississippi State 5 0 SEC
84%
Week 7 (10/12) 1 Mississippi State 6 0 SEC
84%
Week 8 (10/19) 1 Mississippi State 6 0 SEC
84%
Week 9 (10/26) 1 Mississippi State 7 0 SEC
84%
Week 10 (11/2) 1 Mississippi State 8 0 SEC
84%
Week 11 (11/9) 1 Mississippi State 9 0 SEC
84%
Week 12 (11/16) 4 Mississippi State 9 1 SEC
84%
Week 13 (11/23) 4 Mississippi State 10 1 SEC
84%
Week 14 (11/30) 10 Mississippi State 10 2 SEC
84%
Week 15 (12/7) 8 Mississippi State 10 2 SEC
84%
Postseason 11 Mississippi State 10 3 SEC
84%
Week 3 (9/14) 25 Oklahoma State 2 1 Big 12
84%
Week 4 (9/21) 24 Oklahoma State 2 1 Big 12
84%
Week 5 (9/28) 21 Oklahoma State 3 1 Big 12
84%
Week 6 (10/5) 16 Oklahoma State 4 1 Big 12
84%
Week 7 (10/12) 15 Oklahoma State 5 1 Big 12
84%
Week 5 (9/28) 25 TCU 3 0 Big 12
84%
Week 6 (10/5) 9 TCU 4 0 Big 12
84%
Week 7 (10/12) 12 TCU 4 1 Big 12
84%
Week 8 (10/19) 10 TCU 5 1 Big 12
84%
Week 9 (10/26) 10 TCU 6 1 Big 12
84%
Week 10 (11/2) 6 TCU 7 1 Big 12
84%
Week 11 (11/9) 5 TCU 8 1 Big 12
84%
Week 12 (11/16) 5 TCU 9 1 Big 12
84%
Week 13 (11/23) 6 TCU 9 1 Big 12
84%
Week 14 (11/30) 4 TCU 10 1 Big 12
84%
Week 15 (12/7) 6 TCU 11 1 Big 12
84%
Postseason 3 TCU 12 1 Big 12
84%
Week 6 (10/5) 24 Utah 4 1 Pac-12
84%
Week 7 (10/12) 20 Utah 4 1 Pac-12
84%
Week 8 (10/19) 19 Utah 5 1 Pac-12
84%
Week 9 (10/26) 18 Utah 6 1 Pac-12
84%
Week 10 (11/2) 20 Utah 6 2 Pac-12
84%
Week 11 (11/9) 25 Utah 6 3 Pac-12
84%
Week 12 (11/16) 20 Utah 7 3 Pac-12
84%
Week 14 (11/30) 24 Utah 8 4 Pac-12
84%
Week 15 (12/7) 23 Utah 8 4 Pac-12
84%
Postseason 21 Utah 9 4 Pac-12
84%
Preseason 10 Baylor 0 0 Big 12
80%
Week 1 (9/2) 10 Baylor 1 0 Big 12
80%
Week 2 (9/7) 8 Baylor 2 0 Big 12
80%
Week 3 (9/14) 7 Baylor 3 0 Big 12
80%
Week 4 (9/21) 7 Baylor 3 0 Big 12
80%
Week 5 (9/28) 7 Baylor 4 0 Big 12
80%
Week 6 (10/5) 5 Baylor 5 0 Big 12
80%
Week 7 (10/12) 4 Baylor 6 0 Big 12
80%
Week 8 (10/19) 12 Baylor 6 1 Big 12
80%
Week 9 (10/26) 12 Baylor 6 1 Big 12
80%
Week 10 (11/2) 10 Baylor 7 1 Big 12
80%
Week 11 (11/9) 6 Baylor 8 1 Big 12
80%
Week 12 (11/16) 6 Baylor 8 1 Big 12
80%
Week 13 (11/23) 5 Baylor 9 1 Big 12
80%
Week 14 (11/30) 5 Baylor 10 1 Big 12
80%
Week 15 (12/7) 4 Baylor 11 1 Big 12
80%
Postseason 7 Baylor 11 2 Big 12
80%
Week 6 (10/5) 22 Georgia Tech 5 0 ACC
76%
Week 11 (11/9) 24 Georgia Tech 8 2 ACC
76%
Week 12 (11/16) 17 Georgia Tech 9 2 ACC
76%
Week 13 (11/23) 16 Georgia Tech 9 2 ACC
76%
Week 14 (11/30) 12 Georgia Tech 10 2 ACC
76%
Week 15 (12/7) 10 Georgia Tech 10 3 ACC
76%
Postseason 8 Georgia Tech 11 3 ACC
76%
Preseason 11 Stanford 0 0 Pac-12
76%
Week 1 (9/2) 13 Stanford 1 0 Pac-12
76%
Week 2 (9/7) 15 Stanford 1 1 Pac-12
76%
Week 3 (9/14) 16 Stanford 2 1 Pac-12
76%
Week 4 (9/21) 16 Stanford 2 1 Pac-12
76%
Week 5 (9/28) 14 Stanford 3 1 Pac-12
76%
Week 6 (10/5) 25 Stanford 3 2 Pac-12
76%
Week 7 (10/12) 23 Stanford 4 2 Pac-12
76%
Week 8 (10/19) 22 West Virginia 5 2 Big 12
76%
Week 9 (10/26) 20 West Virginia 6 2 Big 12
76%
Week 10 (11/2) 24 West Virginia 6 3 Big 12
76%
Preseason 24 Missouri 0 0 SEC
72%
Week 1 (9/2) 24 Missouri 1 0 SEC
72%
Week 2 (9/7) 20 Missouri 2 0 SEC
72%
Week 3 (9/14) 18 Missouri 3 0 SEC
72%
Week 5 (9/28) 24 Missouri 4 1 SEC
72%
Week 6 (10/5) 23 Missouri 4 1 SEC
72%
Week 12 (11/16) 19 Missouri 8 2 SEC
72%
Week 13 (11/23) 17 Missouri 9 2 SEC
72%
Week 14 (11/30) 14 Missouri 10 2 SEC
72%
Week 15 (12/7) 16 Missouri 10 3 SEC
72%
Postseason 14 Missouri 11 3 SEC
72%
Preseason 22 Nebraska 0 0 Big Ten
72%
Week 1 (9/2) 19 Nebraska 1 0 Big Ten
72%
Week 3 (9/14) 24 Nebraska 3 0 Big Ten
72%
Week 4 (9/21) 21 Nebraska 4 0 Big Ten
72%
Week 5 (9/28) 19 Nebraska 5 0 Big Ten
72%
Week 6 (10/5) 21 Nebraska 5 1 Big Ten
72%
Week 7 (10/12) 19 Nebraska 5 1 Big Ten
72%
Week 8 (10/19) 16 Nebraska 6 1 Big Ten
72%
Week 9 (10/26) 17 Nebraska 7 1 Big Ten
72%
Week 10 (11/2) 15 Nebraska 8 1 Big Ten
72%
Week 11 (11/9) 11 Nebraska 8 1 Big Ten
72%
Week 12 (11/16) 21 Nebraska 8 2 Big Ten
72%
Week 14 (11/30) 25 Nebraska 9 3 Big Ten
72%
Week 15 (12/7) 25 Nebraska 9 3 Big Ten
72%
Preseason 9 South Carolina 0 0 SEC
72%
Week 1 (9/2) 21 South Carolina 0 1 SEC
72%
Week 2 (9/7) 24 South Carolina 1 1 SEC
72%
Week 3 (9/14) 14 South Carolina 2 1 SEC
72%
Week 4 (9/21) 13 South Carolina 3 1 SEC
72%
Preseason 25 Washington 0 0 Pac-12
72%
Preseason 23 North Carolina 0 0 ACC
68%
Week 1 (9/2) 21 North Carolina 1 0 ACC
68%
Week 2 (9/7) 17 Virginia Tech 2 0 ACC
68%
Week 13 (11/23) 25 Boise State 9 2 Mountain West
64%
Week 14 (11/30) 22 Boise State 10 2 Mountain West
64%
Week 15 (12/7) 21 Boise State 11 2 Mountain West
64%
Postseason 16 Boise State 12 2 Mountain West
64%
Week 9 (10/26) 24 Duke 6 1 ACC
64%
Week 10 (11/2) 22 Duke 7 1 ACC
64%
Week 11 (11/9) 19 Duke 8 1 ACC
64%
Week 12 (11/16) 25 Duke 8 2 ACC
64%
Week 13 (11/23) 22 Minnesota 8 3 Big Ten
48%
Week 2 (9/7) 25 BYU 2 0 Independent
44%
Week 3 (9/14) 21 BYU 3 0 Independent
44%
Week 4 (9/21) 20 BYU 4 0 Independent
44%
Week 5 (9/28) 18 BYU 4 0 Independent
44%
Week 1 (9/2) 25 Louisville 1 0 ACC
36%
Week 2 (9/7) 21 Louisville 2 0 ACC
36%
Week 13 (11/23) 24 Louisville 8 3 ACC
36%
Week 14 (11/30) 21 Louisville 9 3 ACC
36%
Week 15 (12/7) 20 Louisville 9 3 ACC
36%
Postseason 24 Louisville 9 4 ACC
36%
Postseason 25 Memphis 10 3 American
28%
Week 7 (10/12) 25 Marshall 6 0 C-USA
24%
Week 8 (10/19) 23 Marshall 7 0 C-USA
24%
Week 9 (10/26) 23 Marshall 8 0 C-USA
24%
Week 10 (11/2) 23 Marshall 8 0 C-USA
24%
Week 11 (11/9) 21 Marshall 9 0 C-USA
24%
Week 12 (11/16) 18 Marshall 10 0 C-USA
24%
Week 13 (11/23) 19 Marshall 11 0 C-USA
24%
Postseason 23 Marshall 13 1 C-USA
24%
Week 11 (11/9) 23 Colorado State 9 1 Mountain West
20%
Week 12 (11/16) 22 Colorado State 9 1 Mountain West
20%
Week 13 (11/23) 21 Colorado State 10 1 Mountain West
20%
Week 4 (9/21) 23 East Carolina 3 1 American
16%
Week 5 (9/28) 22 East Carolina 3 1 American
16%
Week 6 (10/5) 19 East Carolina 4 1 American
16%
Week 7 (10/12) 18 East Carolina 5 1 American
16%
Week 8 (10/19) 18 East Carolina 5 1 American
16%
Week 9 (10/26) 21 East Carolina 6 1 American
16%
No matching quizzes found
Score Distribution
Percent of People with Each Score
Percentile by Number Answered
Your Score History
You have not taken this quiz